Taylor Swift Songs without Vowels #2 - Statistics

General Stats
  • This quiz has been taken 569 times
  • The average score is 7 of 10
Answer Stats
Hint Answer % Correct
KNGFMHRT King of My Heart
96%
CRDGN cardigan
95%
RD Red
95%
WRNVRVRGTTNGBCKTGTHR We Are Never Ever Getting Back Together
90%
JMPTHNFLL Jump Then Fall
88%
VGLNTSHT Vigilante Shit
88%
LVNDRHZ Lavender Haze
83%
SVN seven
77%
VRMR evermore
30%
SPN Eyes Open
5%
No matching quizzes found
Score Distribution
Percent of People with Each Score
Percentile by Number Answered
Your Score History
You have not taken this quiz